| 000 | 00894cab a22001935a 4500 | ||
|---|---|---|---|
| 001 | L143098 | ||
| 008 | 080117s2008 xxkad f s 000 0 eng d | ||
| 035 | _a(Sirsi) u143098 | ||
| 041 | 0 | _aeng | |
| 100 | 1 | _aDixon, Tim | |
| 245 | 0 | 0 |
_aCrunch time? _bthe future of the City of London |
| 260 | _c2008 | ||
| 490 | 0 |
_aProperty Forecast _v11(3) March 2008, 12-14(3) |
|
| 520 | _aReports that the 2007 credit crunch hit the City, which remains the centre of the UK's financial services sector. Asks how important London is both globally and in relation to other UK cities. Examines the evidence using several research reports. Finds that the Central Business District is still economically successful and robust, but that its continued success is not inevitable. | ||
| 590 | _aKA | ||
| 651 | 4 |
_aUnited Kingdom _y |
|
| 690 | _aPROPERTY-COMMERCIAL PROPERTY-COMMERCIAL PROPERTY MARKET | ||
| 942 | _n0 | ||
| 999 |
_c80061 _d80061 |
||